|
|
|
|
| LEADER |
01818cas a2200241 a 4500 |
| 001 |
AALejournalIMF021302 |
| 008 |
230101c9999 xx r poo 0 0eng d |
| 020 |
|
|
|c 5.00 USD
|
| 020 |
|
|
|z 9781513558738
|
| 022 |
|
|
|a 1934-7685
|
| 040 |
|
|
|a BD-DhAAL
|c BD-DhAAL
|
| 110 |
2 |
|
|a International Monetary Fund.
|b Statistics Dept.
|
| 245 |
1 |
0 |
|a Costa Rica :
|b Technical Assistance Report-The National Accounts Statistics Capacity Development Mission.
|
| 264 |
|
1 |
|a Washington, D.C. :
|b International Monetary Fund,
|c 2020.
|
| 300 |
|
|
|a 1 online resource (44 pages)
|
| 490 |
1 |
|
|a IMF Staff Country Reports
|
| 500 |
|
|
|a <strong>Off-Campus Access:</strong> No User ID or Password Required
|
| 500 |
|
|
|a <strong>On-Campus Access:</strong> No User ID or Password Required
|
| 506 |
|
|
|a Electronic access restricted to authorized BRAC University faculty, staff and students
|
| 520 |
3 |
|
|a A technical assistance (TA) mission, conducted by CAPTAC-DR, took place during August 27 to September 7, in San Jose, Costa Rica, to assist the Central Bank of Costa Rica (CBCR) in compiling the non-financial and financial balance sheets. This TA mission was requested in the context of the rebasing project of the national accounts series to 2017, as follow-up of a previous mission conducted in March 2018. This mission covered two purposes: 1) provide guidance to the CBCR in developing statistical methods to estimate the capital stock for the non-financial private sector (NFPS), and 2) provide TA in compiling balance sheets, as part of the annual accounts by institutional sector (AAIS) of Costa Rica.
|
| 538 |
|
|
|a Mode of access: Internet
|
| 830 |
|
0 |
|a IMF Staff Country Reports; Country Report ;
|v No. 2020/287
|
| 856 |
4 |
0 |
|z Full text available on IMF
|u http://elibrary.imf.org/view/journals/002/2020/287/002.2020.issue-287-en.xml
|z IMF e-Library
|